<?xml version="1.0" encoding="UTF-8"?>
<collection xmlns="http://www.loc.gov/MARC21/slim">
    <record>
        <controlfield tag="001">37221</controlfield>
        <controlfield tag="005">20170831220843.0</controlfield>
        <datafield tag="037" ind1=" " ind2=" ">
            <subfield code="a">GDOC-2013-0015</subfield>
        </datafield>
        <datafield tag="041" ind1=" " ind2=" ">
            <subfield code="a">spa</subfield>
        </datafield>
        <datafield tag="245" ind1="0" ind2="0">
            <subfield code="9">25114</subfield>
            <subfield code="a">Metodología de proyectos. Imagen</subfield>
        </datafield>
        <datafield tag="260" ind1=" " ind2=" ">
            <subfield code="a">Zaragoza</subfield>
            <subfield code="b">Universidad de Zaragoza</subfield>
            <subfield code="c">2013-2014</subfield>
        </datafield>
        <datafield tag="520" ind1=" " ind2=" ">
            <subfield code="a">"Metodología de Proyectos. Imagen" pretende ser una introducción a la proyección artística desde el punto de vista de la imagen plástica, sintetizando su ámbito en una palabra: bidimensionalidad, que encontrará su complemento y continuidad en "Metodología de proyectos. Espacio" del mismo curso y en las asignaturas de cuarto: “Construcción del discurso artístico” y “Trabajo fin de Grado”. La asignatura tiene como objetivo principal desarrollar la capacidad del alumno para estructurar, presentar y desarrollar su trabajo creativo de forma sistemática y ordenada, conforme a las pautas de la dinámica proyectual y procesual. El análisis de las distintas fases de la elaboración de un proyecto, con especial incidencia en la metodología proyectual aplicable a la práctica artística, se completará con la ejecución de alguno de los proyectos programados en el aula-taller.</subfield>
        </datafield>
        <datafield tag="521" ind1=" " ind2=" ">
            <subfield code="9">102</subfield>
            <subfield code="a">Graduado en Bellas Artes</subfield>
        </datafield>
        <datafield tag="540" ind1=" " ind2=" ">
            <subfield code="a">by-nc-sa</subfield>
            <subfield code="b">Creative Commons</subfield>
            <subfield code="c">3.0</subfield>
            <subfield code="u">http://creativecommons.org/licenses/by-nc-sa/3.0/</subfield>
        </datafield>
        <datafield tag="700" ind1=" " ind2=" ">
            <subfield code="0">(orcid)0000-0002-2157-4148</subfield>
            <subfield code="a">Escuder Viruete, Joaquín José</subfield>
        </datafield>
        <datafield tag="830" ind1=" " ind2=" ">
            <subfield code="9">278</subfield>
        </datafield>
        <datafield tag="856" ind1="4" ind2=" ">
            <subfield code="s">114705</subfield>
            <subfield code="u">http://zaguan.unizar.es/record/37221/files/guia.pdf</subfield>
            <subfield code="y">Guía (idioma español)</subfield>
        </datafield>
        <datafield tag="980" ind1=" " ind2=" ">
            <subfield code="a">GDOC</subfield>
            <subfield code="b">Artes y humanidades</subfield>
            <subfield code="c">301</subfield>
        </datafield>
    </record>

    
</collection>